000 01595nam0a2200313 4500
001 RU\NLR\bibl\1102314
005 20250615055332.0
010 _a978-5-94356-487-1
_9300
021 _aRU
_b2007-33865
_91799
035 _a(NLR Aleph) 001089401
090 _a1108703
_c1108703
100 _a20070625d2007 |||y0rusy50 ca
101 0 _arus
102 _aRU
105 _ay |||||||||
200 1 _aИмя существительное в древних индоевропейских языках
_eучебное пособие для студентов высших учебных заведений, обучающихся по специальности 021700 - Филология
_fЛ.Г. Панин
_gФедер. агентство по образованию, Новосиб. гос. ун-т, Гуманит. фак., Каф. древних яз.
210 _aНовосибирск
_cНовосибирский государственный университет
_d2007
215 _a147,[1] с.
_d21
320 _aБиблиогр.: с. 144-146 и в подстроч. примеч.
606 1 _aИндоевропейские языки
_jУчебные издания для высших учебных заведений
_xСуществительное
_91182240
_3RU\NLR\auth\66475911
686 _aШ140/159-0-212.1я7
686 _aШ140/159-923-2
700 1 _aПанин
_bЛ. Г.
_gЛеонид Григорьевич
_4070
801 0 _aRU
_bNLR
_c20070625
_gRCR
801 1 _aRU
_bNLR
_c20070625
830 _aпо кн.
942 _cBOOK
980 _aNB